| 000 | 01221cam a2200277 4500 | ||
|---|---|---|---|
| 001 | WB3906-04 | ||
| 008 | 030212n2003 000 0 eng u | ||
| 035 | _a(Sirsi) u121335 | ||
| 245 | _aUK commercial forecast: February 2003 | ||
| 260 | _c2003 | ||
| 490 |
_aRICS UK Commercial Forecast _v February 2003 (2) |
||
| 520 | _aRICS Policy Unit reports that commercial property will show a positive return in 2003/04. The retail sector is set to have the highest return in 2003 and office property the lowest. Commercial property rental growth is forecast to remain weak. Graphs and tables. For full report http://www.rics.org/ricscms/bin/show?class=EconomicForecasts&template=/includes/showeconomicforecasts.html&id=15. | ||
| 590 | _aWB | ||
| 650 | _aECONOMIC FORECASTS | ||
| 650 | _aRICS ECONOMIC FORECASTS | ||
| 650 | _aRICS UK COMMERCIAL FORECAST | ||
| 650 | _aPROPERTY-COMMERCIAL PROPERTY-RETAIL PROPERTY-RETAIL PROPERTY MARKET | ||
| 650 | _aPROPERTY-COMMERCIAL PROPERTY-OFFICE PROPERTY-OFFICE PROPERTY MARKET | ||
| 650 | _aINDUSTRIAL MARKET | ||
| 650 | _aRENTAL GROWTH | ||
| 650 | _aRETURNS | ||
| 650 | _aCAPITAL VALUES | ||
| 650 | _aYIELDS | ||
| 690 | _aPROPERTY-COMMERCIAL PROPERTY | ||
| 942 | _n0 | ||
| 999 |
_c72103 _d72103 |
||